Online Catalogue and eLibrary

The female nude : (Record no. 3077)

MARC details
000 -LEADER
fixed length control field 00464nam a2200193Ia 4500
005 - DATE AND TIME OF LATEST TRANSACTION
control field 20240919020743.0
008 - FIXED-LENGTH DATA ELEMENTS--GENERAL INFORMATION
fixed length control field 240331s9999 xx 000 0 und d
020 ## - INTERNATIONAL STANDARD BOOK NUMBER
ISBN 0415026776
082 ## - DDC Classification
Item Number - Author Mark NEA
Class No. 709
100 ## - MAIN ENTRY--PERSONAL NAME
Personal name Nead, L
245 #4 - TITLE STATEMENT
Title The female nude :
Remainder of title art, obscenity and sexuality
260 ## - PUBLICATION, DISTRIBUTION, ETC.
Place of publication, distribution, etc. London
Name of publisher, distributor, etc. Routledge
Date of publication, distribution, etc. 1992
300 ## - PHYSICAL DESCRIPTION
Extent (e.g. Volumes, Pages etc.) xi, 133 p .,
650 ## - SUBJECT ADDED ENTRY--TOPICAL TERM
Topical term or geographic name entry element Art Criticism
650 ## - SUBJECT ADDED ENTRY--TOPICAL TERM
Topical term or geographic name entry element Sex
650 ## - SUBJECT ADDED ENTRY--TOPICAL TERM
Topical term or geographic name entry element Cultural
650 ## - SUBJECT ADDED ENTRY--TOPICAL TERM
Topical term or geographic name entry element Aesthetics
942 ## - Koha item type (Biblio)
Koha item type Books in Stacks (Lending)
Holdings
Lost status Damaged status Collection code Home library Current library Shelving location Date acquired Full call number Accession Number Item type
    Lending WERC Library WERC Library Social Science Cupboard 03/31/2024 709 NEA 3934 Books in Stacks (Lending)

© WERC Library